El primer teatro de La Habana (Registro nro. 180782)
[ vista simple ]
| 000 -LEADER | |
|---|---|
| campo de control de longitud fija | 01116nam a2200301 i 4500 |
| 001 - NÚMERO DE CONTROL | |
| campo de control | 180782 |
| 003 - IDENTIFICADOR DE NÚMERO DE CONTROL | |
| campo de control | ES-MaACL |
| 005 - FECHA Y HORA DE LA ÚLTIMA TRANSACCIÓN | |
| campo de control | 20250824043133.0 |
| 008 - DATOS DE LONGITUD FIJA--INFORMACIÓN GENERAL | |
| campo de control de longitud fija | 120711s2009 sp a |||| |dspa d |
| 020 ## - NÚMERO INTERNACIONAL ESTÁNDAR DEL LIBRO | |
| Número Internacional Estándar del Libro | 978-84-8382-805-2 |
| 080 ## - NÚMERO DE LA CLASIFICACIÓN DECIMAL UNIVERSAL | |
| Número de la Clasificación Decimal Universal | 792(729.1 H.)"17" |
| 080 ## - NÚMERO DE LA CLASIFICACIÓN DECIMAL UNIVERSAL | |
| Número de la Clasificación Decimal Universal | 725.821(729.1 H.)(091) |
| 100 1# - ENTRADA PRINCIPAL--NOMBRE DE PERSONA | |
| Nombre de persona | Hernández González, Manuel. |
| 9 (RLIN) | 62950 |
| 245 13 - MENCIÓN DEL TÍTULO | |
| Título | El primer teatro de La Habana |
| Resto del título | : el Coliseo (1775-1793) / |
| Mención de responsabilidad, etc. | Manuel Hernández González. |
| 250 ## - MENCION DE EDICION | |
| Mención de edición | 1ª ed. en Ediciones Idea. |
| 260 ## - PUBLICACIÓN, DISTRIBUCIÓN, ETC. | |
| Lugar de publicación, distribución, etc. | Santa Cruz de Tenerife ; |
| -- | Las Palmas de Gran Canaria : |
| Nombre del editor, distribuidor, etc. | Idea, |
| Fecha de publicación, distribución, etc. | 2009. |
| 300 ## - DESCRIPCIÓN FÍSICA | |
| Extensión | 308 p. : |
| Otras características físicas | plano ; |
| Dimensiones | 19 cm. |
| 490 1# - MENCIÓN DE SERIE | |
| Mención de serie | Estudios Hispánicos |
| 500 ## - NOTA GENERAL | |
| Nota general | Apéndices: p. 243-303. |
| 504 ## - NOTA DE BIBLIOGRAFÍA, ETC. | |
| Nota de bibliografía, etc. | Bibliografía: p. 236-242. |
| 610 27 - PUNTO DE ACCESO ADICIONAL DE MATERIA--NOMBRE DE ENTIDAD CORPORATIVA | |
| Nombre de entidad corporativa o nombre de jurisdicción como elemento de entrada | Gran Teatro de La Habana |
| Fuente del encabezamiento o término | |
| 9 (RLIN) | 150935 |
| 650 #7 - PUNTO DE ACCESO ADICIONAL DE MATERIA--TÉRMINO DE MATERIA | |
| Término de materia o nombre geográfico como elemento de entrada | Teatro- |
| Subdivisión geográfica | Cuba. |
| 9 (RLIN) | 17312 |
| 830 0# - PUNTO DE ACCESO ADICIONAL DE SERIE-TÍTULO UNIFORME | |
| Título uniforme | Estudios Hispánicos |
| 9 (RLIN) | 224647 |
| 852 ## - LOCALIZACIÓN | |
| Ubicación | ES-MaACL |
| Número de control de estantería | A-12143 |
| itemnumber | 187686 |
| Sublocalización o colección | R.146560 |
| Ubicación en estantería | Depósito 1 |
| Signatura antigua | Olim: N-5148 |
| Encuadernación | Donación: Manuel Hernández González |
| 903 ## - NOMBRE PERSONAL DE DONANTE | |
| 9 | 62950 |
| a | Hernández González, Manuel |
| e | Donante |
| 942 ## - ELEMENTOS DE ENTRADA SECUNDARIOS (KOHA) | |
| Fuente del sistema de clasificación o colocación | Clasificación decimal universal |
| Tipo de ítem Koha | Libro impreso |
| Estatus retirado | Estado de pérdida | Fuente del sistema de clasificación o colocación | Estado de daño | No para préstamo | Biblioteca de origen | Biblioteca actual | Ubicación en estantería | Fecha de adquisición | Fuente de adquisición | Total de préstamos | Signatura topográfica completa | Código de barras | Visto por última vez | Precio de reemplazo | Tipo de ítem Koha |
|---|---|---|---|---|---|---|---|---|---|---|---|---|---|---|---|
| Clasificación decimal universal | Biblioteca del Ateneo de Madrid | Biblioteca del Ateneo de Madrid | Depósito 1 | 11/07/2012 | Donación | A-12143 | 1189972 | 23/02/2023 | 23/02/2023 | Libro impreso |
